LIBRARY & INFORMATION CENTRE, KCAET, TAVANUR

ONLINE PUBLIC ACCESS CATALOGUE (OPAC)

Text book of strength of materials (Record no. 14029)

MARC details
000 -LEADER
fixed length control field 00348nam a22001457a 4500
020 ## - INTERNATIONAL STANDARD BOOK NUMBER
ISBN 978-81-318-0814-6
082 ## - DEWEY DECIMAL CLASSIFICATION NUMBER
Classification number 628.17
Item number BAN/STR
100 ## - MAIN ENTRY--AUTHOR NAME
Personal name BANSAL,R K
245 ## - TITLE STATEMENT
Title Text book of strength of materials
250 ## - EDITION STATEMENT
Edition statement 4
260 ## - PUBLICATION, DISTRIBUTION, ETC. (IMPRINT)
Place of publication New Delhi
Name of publisher Laxmi Publications
Year of publication 2011
300 ## - PHYSICAL DESCRIPTION
Number of Pages 1106
650 ## - SUBJECT ADDED ENTRY--TOPICAL TERM
Topical Term Strenth of materials
942 ## - ADDED ENTRY ELEMENTS (KOHA)
Koha item type Books
Holdings
Withdrawn status Lost status Damaged status Collection code Home library Current library Date acquired Source of acquisition Full call number Koha item type
      Non-fiction KAUAET KAUAET 30/03/2013 24126 628.17 BAN/STR Books
free website counter